00385nam a2200145 i 450000100060000000300090000600500170001500700030003200800410003510000180007624500540009426000480014830000220019685200210021823268ES-MaACL20230906152837.0t|021209s1894 fr ||||1| fre d1 aAllard, Paul.10aEsclaves, serfs et mainmortables / cPaul Allard. a[Paris?] : bBrux a Bromant et CÂȘ, c1894. a296 p. ; c23 cm. aES-MaACLjF-4383